Análise matemática. Vol. 5 /

Guardado en:
Autor Principal: Cossi, Ernesto Bruno.
Formato: Libro
Idioma:Portuguese
Publicado: Pôrto Alegre : Instituto de Matemática, Universidade do Rio Grande do Sul, 1959.
Etiquetas: Agregar Etiqueta
Sin Etiquetas, Sea el primero en etiquetar este registro!
LEADER 00528nam a22001455a 4500
001 MAT.inmabb000802
008 060228s1959####bl############001#0#por##
005 20170804131228.0
245 |a Análise matemática. Vol. 5 /  |c Ernesto Bruno Cossi. 
260 |a Pôrto Alegre :  |b Instituto de Matemática, Universidade do Rio Grande do Sul,  |c 1959. 
300 |a 169 p. 
100 1 |a Cossi, Ernesto Bruno. 
084 |a 26-XX  |2 msc2000 
859 |h 26  |i C836a  |p A-621  |v 5  |3 Vol. V  |b BIB. MATEMATICA 
859 |h 26  |i C836a  |p A-859  |t Ej. 2  |v 5  |3 Vol. V  |b BIB. MATEMATICA